<?xml version="1.0" encoding="UTF-8"?>
<record
    xmlns:xsi="http://www.w3.org/2001/XMLSchema-instance"
    xsi:schemaLocation="http://www.loc.gov/MARC21/slim http://www.loc.gov/standards/marcxml/schema/MARC21slim.xsd"
    xmlns="http://www.loc.gov/MARC21/slim">

  <leader>01485cam a22002774a 4500</leader>
  <controlfield tag="005">20251006083632.0</controlfield>
  <datafield tag="020" ind1=" " ind2=" ">
    <subfield code="a">9780471735472</subfield>
    <subfield code="c">TZS 8,000/=</subfield>
  </datafield>
  <datafield tag="040" ind1=" " ind2=" ">
    <subfield code="a">MCCL</subfield>
    <subfield code="b">eng.</subfield>
    <subfield code="e">AACR 2nd. ed. rev.</subfield>
  </datafield>
  <datafield tag="082" ind1="0" ind2="0">
    <subfield code="a">519.50243 WEL</subfield>
  </datafield>
  <datafield tag="100" ind1="1" ind2=" ">
    <subfield code="a">Welkowitz, Joan.</subfield>
  </datafield>
  <datafield tag="245" ind1="1" ind2="0">
    <subfield code="a">Introductory statistics for the behavioral sciences /</subfield>
    <subfield code="c">Joan Welkowitz, Barry H. Cohen, Robert B. Ewen.</subfield>
  </datafield>
  <datafield tag="250" ind1=" " ind2=" ">
    <subfield code="a">6th ed.</subfield>
  </datafield>
  <datafield tag="260" ind1=" " ind2=" ">
    <subfield code="a">Hoboken, N.J. :</subfield>
    <subfield code="b">Wiley,</subfield>
    <subfield code="c">c2006.</subfield>
  </datafield>
  <datafield tag="300" ind1=" " ind2=" ">
    <subfield code="a">xxiii, 515 p. :</subfield>
    <subfield code="b">ill. ;</subfield>
    <subfield code="c">25 cm.</subfield>
  </datafield>
  <datafield tag="500" ind1=" " ind2=" ">
    <subfield code="a">Various multi-media instructional resources are available to supplement the text.</subfield>
  </datafield>
  <datafield tag="504" ind1=" " ind2=" ">
    <subfield code="a">Includes bibliographical references (p. 506) and index.</subfield>
  </datafield>
  <datafield tag="520" ind1=" " ind2=" ">
    <subfield code="a">This popular and well-respected statistics text has been thoroughly revised to present all the topics behavioral science students need. Now featuring expanded Web sites for instructors and students, the authors provide a framework that connects all of the topics in the text and allows for easy comparison of different statistical analyses. Refined over seven editions by master teachers, this book gives instructors and students alike the well laid out examples and exercises to support the teaching and learning of statistics for both manipulation and consumption of data</subfield>
  </datafield>
  <datafield tag="546" ind1=" " ind2=" ">
    <subfield code="a">eng.</subfield>
  </datafield>
  <datafield tag="650" ind1=" " ind2="0">
    <subfield code="a">Social sciences</subfield>
  </datafield>
  <datafield tag="650" ind1=" " ind2="0">
    <subfield code="a">Psychometrics.</subfield>
  </datafield>
  <datafield tag="650" ind1=" " ind2="0">
    <subfield code="a">Sociology</subfield>
  </datafield>
  <datafield tag="650" ind1=" " ind2="0">
    <subfield code="a">Educational statistics.</subfield>
  </datafield>
  <datafield tag="700" ind1="1" ind2=" ">
    <subfield code="a">Cohen, Barry H.,</subfield>
    <subfield code="d">1949-</subfield>
  </datafield>
  <datafield tag="700" ind1="1" ind2=" ">
    <subfield code="a">Ewen, Robert B.,</subfield>
    <subfield code="d">1940-</subfield>
  </datafield>
  <datafield tag="942" ind1=" " ind2=" ">
    <subfield code="c">BK</subfield>
  </datafield>
  <datafield tag="999" ind1=" " ind2=" ">
    <subfield code="c">11975</subfield>
    <subfield code="d">11975</subfield>
  </datafield>
  <datafield tag="952" ind1=" " ind2=" ">
    <subfield code="0">0</subfield>
    <subfield code="1">0</subfield>
    <subfield code="4">0</subfield>
    <subfield code="7">0</subfield>
    <subfield code="a">MU002</subfield>
    <subfield code="b">MU002</subfield>
    <subfield code="d">2010-05-01</subfield>
    <subfield code="e">TZ BOOK SUPORT TRUST</subfield>
    <subfield code="l">0</subfield>
    <subfield code="o">519.50243 WEL</subfield>
    <subfield code="p">003066</subfield>
    <subfield code="r">2025-10-06 08:38:30</subfield>
    <subfield code="t">1</subfield>
    <subfield code="w">2025-10-06</subfield>
    <subfield code="y">BK</subfield>
  </datafield>
</record>
